000 00994nam a2200301 a 4500
001 000110845
003 CHAP
005 20220329144148.0
008 141010s1996 mx |r| ||||||spa d
010 _a107307
011 _a108279
040 _cCHAP
082 0 4 _a631.5097236
_bV59
245 0 0 _aViaje de estudios realizado al poblado de Madrid, municipio de Tecoman Estado de Colima /
_ccoordinado por Aurelio Bastida Tapia.
260 _aChapingo, Méx. :
_bUACH. Departamento de Preparatoria Agrícola,
_c1996.
300 _a210 h.
590 _aE11695DGD
_b10
_c20141013
_lUCH01
_h0832
590 _aE11695DGD
_b10
_c20150330
_lUCH01
_h1319
590 _aE5765TAJ
_b05
_c20141010
_lUCH01
_h1108
650 1 4 _aColima
_xCondiciones rurales.
_925160
650 1 4 _aCultivos
_xColima.
_930241
650 1 4 _aCultivos
_xVariedades.
_930332
651 0 _aColima
_xViajes de estudio.
_9128605
700 0 _aBastida Tapia, Aurelio
_ecoord.
_910744
901 _aBK
942 _cLIBRO
942 _n0
999 _c107307
_d107307